00000000nem##2200000za#4500
0019.547220
003CaOODSP
00520200401002658
007aj |a|||
008150406|2009||||xxc||||   a##f  |   eng|d
020 |a978-0-660-64078-5
022 |a1915-884X
040 |aCaOODSP|beng
041 |aeng
041 |afre
043 |an-cn---
0861 |aM116-2/052M12
1101 |aCanada.|bNatural Resources Canada. |bCentre for Topographic Information.
24510|aSasaginnigak Lake, Manitoba : |h[cartographic material]|beast of principal meridian
250 |aEd. 02, version 01
255 |aScale 1:50,000
260 |aOttawa - Ontario : |bNatural Resources Canada. |c2009.
300 |a1 sheet. : |bcoloured map ; |c69 cm.
4901 |aCanadian topographic maps|x1915-884X|v52-M/12
500 |aSeries A743. Includes a legend.
590 |a10-13|b2010-04-01
7760#|tSasaginnigak Lake, Manitoba : |w(CaOODSP)9.583392
792 |tSasaginnigak Lake, Manitoba : |efre|w(CaOODSP)9.547221
830#0|aCanadian topographic maps,|x1915-884X|v52-M/12|w(CaOODSP)9.511450